Ga door naar de inhoud

Рекламная коммуникация в сфере туризма Статья

Bewaard in:
Bibliografische gegevens
Hoofdauteur: Гончарова Л.М
Formaat: Статья
Editie:1
Online toegang:https://znanium.com/catalog/document?id=5100
https://znanium.com/cover/0365/365335.jpg
Tags: Voeg label toe
Geen labels, Wees de eerste die dit record labelt!
LEADER 01644nam0a2200301 i 4500
001 RU\infra-m\znanium\bibl\365335
003 https://znanium.com/catalog/document?id=5100
005 20200124000000.0
100 |a 20200124d2012 m y0rusy0150 ca 
101 0 |a rus 
102 |a RU 
200 1 |a Рекламная коммуникация в сфере туризма  |e Статья  |f Государственный институт русского языка им. А.С. Пушкина 
205 |a 1 
210 1 |a Москва  |c Российский новый университет (РосНОУ)  |d 2010 
215 |a 4 с. 
333 |a ВО - Магистратура 
606 |a Реклама. Маркетинг. PR  |x Рекламные технологии. Копирайтинг  |2 local 
606 |a Управление (менеджмент)  |x Менеджмент в туризме и сфере обслуживания  |2 local 
608 |a Статья  |2 local 
675 |a 3799  |z rus 
686 |a 6543  |2 rubbk 
686 |a 758  |2 rubbk 
686 |a 42.04.01  |2 okso 
686 |a 43.04.02  |2 okso 
700 1 |a Гончарова  |b Л.М.  |g Любовь Марковна  |p Государственный институт русского языка им. А.С. Пушкина 
801 0 |a RU  |b Общество с ограниченной ответственностью «ЗНАНИУМ»  |c 20120622  |2 rusmarc 
856 4 |a znanium.com  |m ebs_support@infra-m.ru  |n НИЦ ИНФРА-М  |u https://znanium.com/catalog/document?id=5100 
856 4 1 |a znanium.com  |d /cover/0365  |f 365335.jpg  |q image/jpeg  |u https://znanium.com/cover/0365/365335.jpg